000 00508nam a2200181Ia 4500
005 20250508161936.0
008 008 250505s9999 xx 000 0 eng d
037 _aTextual
040 _aFEDL
_beng
_cFEDL
041 _aeng
_2eng
084 _a398.2, SUR
_qFEDL
100 _aSuryakanta Shastri
_9771861
245 0 _aFlood legend in sanskrit literature
260 _aDelhi, India
_bS Chand and Company
_c1950
300 _a149p.
942 _cTEXL
_h398.2, SUR
999 _c1373399
_d1373399